000 01133nam a2200241Ia 4500
001 19359
003 GE_BSU
008 181216s||||||||xx |||||||||||||| ||und||
040 _cGE_BSU
080 _a624.012.4
100 _aღლონტი ნ; სოხაძე ა.
245 _aრკინაბეტონის კონსტრუქციების ელემენტების გაანგარიშების მაგალითები
245 _cრედ:გ.კიზირია
260 _aთბილისი
260 _bსაქ.პოლიტ.ინ-ტი
260 _c1981
300 _a155გვ. : ილ. 1 დაკ. ფ. სქემა ; 21სმ..
300 _bლიტ. სია: გვ. 150 (11 სხწ)
653 _aინჟინერია
653 _aრკინაბეტონის კონსტრუქციები;
653 _aრკინაბეტონის კონსტრუქციების ელემენტების გაანგარიშების მაგალითები
942 _cBK
999 _c52341
_d52341